000 00310nam a2200133Ia 4500
008 191201s2013 xx 000 0 und d
100 _aGRANT, Eugenel L.
245 0 _aStatistical Quality Control
250 _aRep
260 _aN.Delhi
_bTMH
_c2013
300 _a764
650 _aB.Tech(ME)
942 _2ddc
_cBK
999 _c5633
_d5633